Tractors : (Record no. 8871)

MARC details
000 -LEADER
fixed length control field 01222nam a22002657a 4500
001 - CONTROL NUMBER
control field 8871
003 - CONTROL NUMBER IDENTIFIER
control field FISKH
005 - DATE AND TIME OF LATEST TRANSACTION
control field 20251024105819.0
008 - FIXED-LENGTH DATA ELEMENTS--GENERAL INFORMATION
fixed length control field 251024b cb ||||| |||| 00| 0 eng d
020 ## - INTERNATIONAL STANDARD BOOK NUMBER
International Standard Book Number 9780769633770
040 ## - CATALOGING SOURCE
Original cataloging agency FISKH
Language of cataloging eng
Transcribing agency FISKH
Modifying agency FISKH
050 ## - LIBRARY OF CONGRESS CALL NUMBER
Classification number TL233.15 .S75
082 ## - DEWEY DECIMAL CLASSIFICATION NUMBER
Classification number 629.225
100 ## - MAIN ENTRY--PERSONAL NAME
Personal name Stickland, Paul
Relator term Author
245 ## - TITLE STATEMENT
Title Tractors :
Remainder of title By air, sea and land /
Statement of responsibility, etc. Paul Stickland
260 ## - PUBLICATION, DISTRIBUTION, ETC.
Place of publication, distribution, etc. Ohio :
Name of publisher, distributor, etc. Waterbird Books ,
Date of publication, distribution, etc. 1988
300 ## - PHYSICAL DESCRIPTION
Extent 23 unnumbered pages :
Other physical details color illustrations ;
Dimensions 21 cm
505 ## - FORMATTED CONTENTS NOTE
Formatted contents note C<br/>
520 ## - SUMMARY, ETC.
Summary, etc. Perfect for children who are fascinated by vehicles! Children who are interested in all kinds of vehicles will enjoy the Working Wheels series. The Working Wheels titles detail a variety of "on-the-job" vehicles, such as ambulances, moving vans, tractors, and construction trucks. A simple definition and colorful illustration introduce each vehicle, followed by explanations of unique features and uses. The Working Wheels series is perfect for enjoying at home and for enhancing concepts learned
521 8# - TARGET AUDIENCE NOTE
Target audience note 150<br/>
Source Lexile estimate<br/>
521 8# - TARGET AUDIENCE NOTE
Target audience note C<br/>
Source Raz-Plus<br/>
650 ## - SUBJECT ADDED ENTRY--TOPICAL TERM
Topical term or geographic name entry element Children's book
Form subdivision Tractors
942 ## - ADDED ENTRY ELEMENTS (KOHA)
Source of classification or shelving scheme Dewey Decimal Classification
Koha item type Books
Suppress in OPAC No
Holdings
Withdrawn status Lost status Source of classification or shelving scheme Damaged status Not for loan Home library Current library Shelving location Date acquired Total Checkouts Full call number Barcode Date last seen Copy number Price effective from Koha item type
    Dewey Decimal Classification     Footprints International School Library Network Toul Tom Poung Campus Footprints International School Library Network Toul Tom Poung Campus TTP Primary Green Bookshelves 10/24/2025   STI 629.225 TL233.15 .S75 FISTK00837 10/24/2025 1 10/24/2025 Books
    Dewey Decimal Classification     Footprints International School Library Network Toul Tom Poung Campus Footprints International School Library Network Toul Tom Poung Campus TTP Primary Green Bookshelves 10/24/2025   STI 629.225 TL233.15 .S75 FIS02703 10/24/2025 2 10/24/2025 Books